LEADER 01256nam0 2200289 450 001 000018229 005 20081027142050.0 100 $a20081027d2002----km-y0itay50------ba 101 0 $aita 102 $aIT 105 $ay-------001yy 200 1 $a<>Codice Alessandrino$el'enigma non più completamente tale del manoscritto del 12.-13. secolo conservato presso la Biblioteca Alessandrina ; Tavola codice-calendario perpetuo per la datazione della Pasqua con il calendario Giuliano e quello Gregoriano$fGiovanni Moro 210 $aRoma$cRivista marittima$d2002 215 $a39 p.$cill$d24 cm 225 2 $a<<[>>Supplemento alla Rivista marittima<<]>> 410 0$12001$a<<[>>Supplemento alla Rivista marittima<<]>> 500 10$a<>Codice Alessandrino$934702 610 1 $aRoma$aBiblioteca Alessandrina$aManoscritti$aCodice 171 610 1 $aCodice Alessandrino$aCalendario perpetuo$aManoscritti$aSec. 12. 676 $a529$v20$9Cronologia. Tempo 676 $a529.42$v20$9Calendario giuliano 700 1$aMoro, Giovanni $4070$0632208 801 0$aIT$bUNIPARTHENOPE$c20081027$gRICA$2UNIMARC 912 $a000018229 951 $aRIMAS 623/12-2002$bs.i.$cPIST$d2008 996 $aCodice Alessandrino$934702 997 $aUNIPARTHENOPE LEADER 00894nam a2200253 i 4500 001 991000298859707536 005 20020527111342.0 008 010810s1968 it ||| | ita 035 $ab10057985-39ule_inst 035 $aPARLA219060$9ExL 040 $aDip.to Filosofia$bita 082 0 $a972.91 100 1 $aTutino, Saverio$0137912 245 12$aL'ottobre cubano :$blineamenti di una storia della rivoluzione castrista /$cSaverio Tutino 260 $aTorino :$bEinaudi,$c1968 300 $a414 p. ;$c19 cm. 490 0 $aPiccola biblioteca Einaudi ;$v107 650 4$aCuba$y1962-1968 907 $a.b10057985$b17-02-17$c27-06-02 912 $a991000298859707536 945 $aLE005 MF 31 F 33$g1$iLE005A-1194$lle005$o-$pE0.00$q-$rl$s- $t0$u0$v0$w0$x0$y.i10066299$z27-06-02 996 $aOttobre cubano$9194072 997 $aUNISALENTO 998 $ale005$b01-01-01$cm$da $e-$fita$git $h2$i1 LEADER 01585nam a2200409 i 4500 001 991001347109707536 005 20020507191819.0 008 950622s1980 us ||| | eng 020 $a0273085166 (v.2) 020 $a0822484382 (v.1) 035 $ab1083493x-39ule_inst 035 $aLE01310891$9ExL 040 $aDip.to Matematica$beng 082 0 $a515.35 084 $aAMS 15A09 084 $aAMS 34A30 084 $aAMS 34E15 084 $aAMS 93C15 084 $aQA371.C192 100 1 $aCampbell, Stephen La Vern$0471255 245 10$aSingular systems of differential equations /$cS. L. Campbell 260 $aSan Francisco :$bPitman Publishing,$cc1980-c1982 300 $a2 v. ;$c25 cm. 490 0 $aPitman research notes in mathematics series, ISSN 02693674 ;$v40 490 0 $aPitman research notes in mathematics series, ISSN 02693674 ;$v61 500 $a1Vol. 2 published by Pitman Pub., Boston 500 $a21Bibliography: v.1, p.167-171; v.2, p.220-228. 500 $a3Includes indexes 650 4$aDifferential equations 650 4$aSimultaneous equations 907 $a.b1083493x$b23-02-17$c28-06-02 912 $a991001347109707536 945 $aLE013 34A CAM11 V.II (1982)$cV. 2$g1$i2013000030937$lle013$o-$pE0.00$q-$rl$s- $t0$u0$v0$w0$x0$y.i1094431x$z28-06-02 945 $aLE013 34A CAM11 V.I (1980)$cV. 1$g1$i2013000031712$lle013$o-$pE0.00$q-$rl$s- $t0$u0$v0$w0$x0$y.i10944321$z28-06-02 996 $aSingular systems of differential equations$9923570 997 $aUNISALENTO 998 $ale013$b01-01-95$cm$da $e-$feng$gus $h0$i2 LEADER 02061nam0 22004093i 450 001 RAV0061372 005 20251003044320.0 020 $aIT$b846120 100 $a20130827d1984 ||||0itac50 ba 101 | $aita 102 $ait 181 1$6z01$ai $bxxxe 182 1$6z01$an 183 1$6z01$anc$2RDAcarrier 200 1 $aˆIl ‰mercato del lavoro regionale e locale$emetodi di analisi, previsione e gestione$fR. Arcangeli ... [et. al.]$ga cura di Agostino La Bella 210 $aMilano$cAngeli$dc1984 215 $a378 p.$d22 cm. 225 | $aIstituto di analisi dei sistemi ed informatica del Consiglio nazionale delle ricerche$v3 410 0$1001CFI0110805$12001 $aIstituto di analisi dei sistemi ed informatica del Consiglio nazionale delle ricerche$v3$171202$aIstituto di analisi dei sistemi ed informatica$3CFIV014972 606 $aLavoro$xDomanda e offerta$xPrevisioni$2FIR$3CFIC003691$9I 606 $aOccupazione e disoccupazione$2FIR$3CFIC010994$9E 676 $a331.120945$9MERCATO DEL LAVORO. Italia$v23 676 $a331.137$9DISFUNZIONI DEL MERCATO DEL LAVORO. DISOCCUPAZIONE$v23 696 $aPrevisione$aDomanda$aOfferta 699 $aPrevisioni$zPrevisione 699 $aDomanda e offerta$xDomanda$xOfferta 702 1$aLa Bella$b, Agostino$3CFIV056550 702 1$aArcangeli$b, Rosalia$3RAVV030231 801 3$aIT$bIT-000000$c20130827 850 $aIT-BN0095 $aIT-NA0457 901 $bNAP BI$cSALA 1 $nLibri da 1 a 960 901 $bNAP 01$cPOZZO LIB.$nVi sono collocati fondi di economia, periodici di ingegneria e scienze, periodici di economia e statistica e altri fondi comprendenti documenti di economia pervenuti in dono. 912 $aRAV0061372 950 0$aBiblioteca Centralizzata di Ateneo$c1 v.$d 01POZZO LIB.ECON MON 6418$e 0101 0700135245E VMA 1 v. ( Precedente collocazione 13 Ec 524)$fB $h20220714$i20220714 977 $a 01$a BI 996 $aMERCATO del lavoro regionale e locale$9616307 997 $aUNISANNIO LEADER 01221nam2 22002893i 450 001 VAN00076014 005 20240806100608.280 010 $a88-14-05109-7 100 $a20100629d1995 |0itac50 ba 101 $aita 102 $aIT 105 $a|||| ||||| 200 1 $aˆ2: ‰Commentario 210 $aMilano$cGiuffrè$d1995 215 $aXXXIII, 886-1611 p.$d25 cm 316 $aFondo Tribunale$5IT-IT-CE0105 CONSIX.D.50 (2) 461 1$1001VAN00076013$12001 $aCommentario$fa cura di Franco Carinci$1210 $aMilano$cGiuffrè$d1995.$v2 620 $dMilano$3VANL000284 712 $aGiuffrè $3VANV109181$4650 801 $aIT$bSOL$c20251114$gRICA 899 $aBIBLIOTECA DEL DIPARTIMENTO DI ECONOMIA$1IT-CE0106$2VAN03 899 $aBIBLIOTECA DEL DIPARTIMENTO DI GIURISPRUDENZA$1IT-CE0105$2VAN00 912 $aVAN00076014 950 $aBIBLIOTECA DEL DIPARTIMENTO DI GIURISPRUDENZA$d00CONS IX.D.50 (2) $e00FT 35923 20100629 Fondo Tribunale 950 $aBIBLIOTECA DEL DIPARTIMENTO DI ECONOMIA$d03PREST IVDd9(2) $e03 31340 2 20140206 996 $aCommentario$91407416 997 $aUNICAMPANIA